000
00312nam a2200133Ia 4500
008
240624s9999 xx 000 0 und d
041
_a
eng
082
_a
823 SET
100
_a
SETH VIKRAM
245
_a
TWO LIVES
260
_c
2008
_a
New Delhi
_b
Penguin India
300
_a
504 : p. : cm. ; 24
365
_c
RS
_b
20
999
_c
11759
_d
11759